000
00345nam a2200133 a 4500
005
20140414131904.0
008
100922s19uu xx 00 eng d
050
_a
FIC
_b
M36 1991
100
_a
Martin, Ann
245
_a
Karen's good-bye.
260
_a
New York :
_b
Scholastic ,
_c
1991.
440
_a
Baby-sitters little sister
999
_c
110814
_d
110814